The master motivator : (Record no. 102092)

MARC details
000 -LEADER
fixed length control field 01012nam a22002297a 4500
005 - DATE AND TIME OF LATEST TRANSACTION
control field 20170731141007.0
010 ## - LCCN (DPL NO)
LC control number 1617EN
020 ## - INTERNATIONAL STANDARD BOOK NUMBER
International Standard Book Number 9788184957204
Terms of availability 199.00
035 ## - SYSTEM CONTROL NUMBER
System control number B-649011-019
035 ## - SYSTEM CONTROL NUMBER
System control number b-667292
037 ## - SOURCE OF ACQUISITION
Stock number dpl
Source of stock number/acquisition Aakar
082 ## - DEWEY DECIMAL CLASSIFICATION NUMBER
Classification number 658.314
100 ## - MAIN ENTRY--PERSONAL NAME
Personal name Hansen, Mark Victor
245 ## - TITLE STATEMENT
Title The master motivator :
Statement of responsibility, etc by Mark Victor Hansen [and] Joe Batten
Remainder of title secrets of inspiring leadership /
260 ## - PUBLICATION, DISTRIBUTION, ETC. (IMPRINT)
Place of publication, distribution, etc Mumbai
Name of publisher, distributor, etc Jaico Publishing House
Date of publication, distribution, etc 2016
270 ## - ADDRESS
Address A-2 Jash Chambers, 7-A Sir Phirozshah Mehta Road,
City Mumbai
Postal code 400 001
300 ## - PHYSICAL DESCRIPTION
Extent 146p.
Dimensions 22cm(pbk)
700 ## - ADDED ENTRY--PERSONAL NAME
Personal name Batten, Joe
942 ## - ADDED ENTRY ELEMENTS (KOHA)
Source of classification or shelving scheme Dewey Decimal Classification
Item type English Books
Call number suffix HAN
Classification part 658.314
Holdings
Withdrawn status Lost status Not for loan Collection code Home library Current library Date acquired Source of acquisition Cost, normal purchase price Full call number Barcode Copy number Cost, replacement price Koha item type
      Non-fiction Ashok Vihar Ashok Vihar 31/07/2017 BPPD/EN/2016-17/AV/16-17/451/15.2.2017/I-3323/1.3.2017/ 17.3.2017 199.00 658.314 HAN B-667292 1 199.00 English Books
      Non-fiction Bawana Bawana 01/03/2017 BPPD/EN/2016-17/285/24.11.2016/I-2562/3.12.2016/2.1.2017 199.00 658.314 HAN B-649017 1 199.00 English Books
      Non-fiction Central Library Central Library 01/03/2017 BPPD/EN/2016-17/285/24.11.2016/I-2562/3.12.2016/2.1.2017 199.00 658.314 HAN B-649011 1 199.00 English Books
      Non-fiction Janak Puri Janak Puri 01/03/2017 BPPD/EN/2016-17/285/24.11.2016/I-2562/3.12.2016/2.1.2017 199.00 658.314 HAN B-649014 1 199.00 English Books
      Non-fiction Kasturba Gandhi Marg Kasturba Gandhi Marg 01/03/2017 BPPD/EN/2016-17/285/24.11.2016/I-2562/3.12.2016/2.1.2017 199.00 658.314 HAN B-649013 1 199.00 English Books
      Non-fiction Narela Narela 01/03/2017 BPPD/EN/2016-17/285/24.11.2016/I-2562/3.12.2016/2.1.2017 199.00 658.314 HAN B-649016 1 199.00 English Books
      Non-fiction Patel Nagar Patel Nagar 01/03/2017 BPPD/EN/2016-17/285/24.11.2016/I-2562/3.12.2016/2.1.2017 199.00 658.314 HAN B-649012 1 199.00 English Books
      Non-fiction Sarojini Nagar Sarojini Nagar 01/03/2017 BPPD/EN/2016-17/285/24.11.2016/I-2562/3.12.2016/2.1.2017 199.00 658.314 HAN B-649015 1 199.00 English Books
      Non-fiction Shahdara Branch Shahdara Branch 01/03/2017 BPPD/EN/2016-17/285/24.11.2016/I-2562/3.12.2016/2.1.2017 199.00 658.314 HAN B-649018 1 199.00 English Books
      Non-fiction Yojana Vihar Yojana Vihar 01/03/2017 BPPD/EN/2016-17/285/24.11.2016/I-2562/3.12.2016/2.1.2017 199.00 658.314 HAN B-649019 1 199.00 English Books

© Delhi Public Library
Hit Counter
free hit counter